书目信息 |
| 题名: |
网络管理员考试辅导
|
|
| 作者: | 张凤琴 , 张国鸣 主编 | |
| 分册: | ||
| 出版信息: | 西安 西安电子科技大学出版社 2004.8 |
|
| 页数: | 312页 | |
| 开本: | 26cm | |
| 丛书名: | ||
| 单 册: | ||
| 中图分类: | TP393 | |
| 科图分类: | ||
| 主题词: | 计算机网络--ji suan ji wang luo , 计算机网络--ji suan ji wang luo--考核--自学参考资料 | |
| 电子资源: | ||
| ISBN: | 7-5606-1439-6 | |
| 000 | 01266nam0 2200337 450 | |
| 000 | 01294nam0 2200337 450 | |
| 000 | 01257nam0 2200325 450 | |
| 000 | 01214nam0 2200313 450 | |
| 000 | 01203nam0 2200313 450 | |
| 000 | 01166nam0 2200301 450 | |
| 001 | CAL 012006066003 | |
| 005 | 20061026150953.59 | |
| 010 | @a7-5606-1439-6@dCNY30.00 | |
| 099 | @aCAL 012006066003 | |
| 100 | @a20060825e2004 em y0chiy0120 ea | |
| 101 | 0 | @achi |
| 102 | @aCN@b610000 | |
| 105 | @ay z 000yy | |
| 200 | 1 | @a网络管理员考试辅导@Awang luo guan li yuan kao shi fu dao@f张凤琴, 张国鸣主编 |
| 210 | @a西安@c西安电子科技大学出版社@d2004.8@h2004.10重印 | |
| 215 | @a312页@d26cm | |
| 300 | @a全国计算机技术与软件专业技术资格(水平)考试辅导用书 | |
| 304 | @a全国计算机技术与软件专业技术资格(水平)考试办公室组编 | |
| 330 | @a本书共分11章, 主要内容包括: 计算机网络基础、互联网及其应用、局域网技术与综合布线、网络操作系统、应用服务器配置、Web网站建设、网络安全、网络管理、计算机系统基础等。 | |
| 606 | 0 | @a计算机网络@Aji suan ji wang luo |
| 606 | 0 | @a计算机网络@Aji suan ji wang luo@x考核@j自学参考资料 |
| 690 | @aTP393@v4 | |
| 701 | 0 | @a张凤琴@Azhang feng qin@4主编 |
| 701 | 0 | @a张国鸣@Azhang guo ming@4主编 |
| 801 | 0 | @aCN@c20061026 |
| 905 | @a10447@dTP393@eZ100 | |
| 网络管理员考试辅导/张凤琴, 张国鸣主编.-西安:西安电子科技大学出版社,2004.8(2004.10重印) |
| 312页;26cm |
| 全国计算机技术与软件专业技术资格(水平)考试辅导用书 |
| ISBN 7-5606-1439-6:CNY30.00 |
| 本书共分11章, 主要内容包括: 计算机网络基础、互联网及其应用、局域网技术与综合布线、网络操作系统、应用服务器配置、Web网站建设、网络安全、网络管理、计算机系统基础等。 |
| ● |
| 相关链接 |
|
|
|
正题名:网络管理员考试辅导
索取号:TP393/Z100
 
预约/预借
| 序号 | 登录号 | 条形码 | 馆藏地/架位号 | 状态 | 备注 |
| 1 | 630060 | 206300607 | 期刊室512/301自科库 118排2列4层/ [索取号:TP393/Z100] | 在馆 |